| 000 | 00363nam a22001577a 4500 | ||
|---|---|---|---|
| 003 | SGT | ||
| 020 | _a978-81-222-0583-1 | ||
| 082 |
_a613.70 _bC19A |
||
| 100 | _aANANDA, ,SRI | ||
| 245 | _aTHE COMPLETE BOOK OF YOGA | ||
| 260 |
_aDELHI _bORIENT PAPERBACK _c2019 |
||
| 300 | _a216 | ||
| 650 | _aYOGA | ||
| 653 | _aYOGA, MEDITATION, YOGASHAN | ||
| 942 |
_2ddc _cBK _014 |
||
| 999 |
_c22450 _d22450 |
||